| 000 | 00449nam a2200181Ia 4500 | ||
|---|---|---|---|
| 001 | 9649 | ||
| 005 | 20260306161734.0 | ||
| 008 | 260306t2008||||xx |||||||||||||| ||spa|| | ||
| 041 | _aESP | ||
| 082 |
_a387.109854 _bC75 |
||
| 100 |
_aColoma Elías, Guillermo W. _eAUT |
||
| 245 | 0 | _aMatarani el nuevo puerto del sur del Perú | |
| 260 | _c2008 | ||
| 300 |
_a126 páginas : _c24 cm. |
||
| 650 | _aGEN | ||
| 654 | _aCHU | ||
| 942 |
_cLIB _dJUS _fJUS _2ddc _n |
||
| 999 |
_c9649 _d9649 |
||